| 000 | 00370nam a2200121Ia 4500 | ||
|---|---|---|---|
| 008 | 250110s9999 xx 000 0 und d | ||
| 041 | _aeng | ||
| 100 |
_aPatil Madhuri _9182502 |
||
| 245 | _aWaste Management Strategies For North Maharashtra University Jalgoan | ||
| 260 |
_bM.Arch Environmental, Pune _c2013 |
||
| 300 | _a70p | ||
| 700 |
_aGuide Name:Nawale Rahul _9210175 |
||
| 999 |
_c363367 _d363367 |
||